| 000 | 00335 a2200145 4500 | ||
|---|---|---|---|
| 001 | 188476 | ||
| 020 | _a978-85-7635-441-3 | ||
| 040 | _cMagnum | ||
| 240 | 1 | 0 |
_aMeu primeiro larousse: como se faz _lpor |
| 245 | 1 | 0 | _aMeu primeiro larousse: como se faz |
| 300 | _a151 | ||
| 362 | 0 | _a2008 | |
| 697 | _aLITERATURA INFANTO | ||
| 942 | _cBK | ||
| 999 |
_c188476 _d188476 |
||